00926nam a22002531 450000100060000000300080000600500170001400800390003103500190007004000320008904100130012108200210013410000380015524500470019326000660024030000210030660000440032765000420037165100590041365500360047294200120050899900170052095201350053719932BD-RjUL20211209000511.0140226t19661955nyu 000 d eng a(BD-RjUL)19993 aDLCcDLCdDLCdBD-RjULbeng1 aenghfre00a842.91bANL 19661 aAnouilh, Jean,d1910-1987.95974814aThe lark /cTranslated by Christopher Fry. aNew York :bOxford University Press,cc1955 [Reprinted 1966]. a103 p. ;c20 cm.00aJoan,cof Arc, Saint,d1412-143196127500aChristian women saintsvDrama.961269 0aFrancexHistoryyCharles VII, 1422-1461vDrama.961270 7aHistorical drama.2gsafd961276 2ddccBK c19932d19932 00102ddc40708FICaRUCLbRUCLcStackd1969-08-21eZitlingerg7.60l0o842.91 ANL 1966r2014-02-26 00:00:00tC-2w2014-02-26yBK